[Event "Titled Tuesday intern op 20th May Late"]
[Site "Chess.com INT"]
[Date "2025.05.20"]
[Round "7"]
[White "Dmitriev, Sergey"]
[Black "Peatman, Carter F"]
[Result "1/2-1/2"]
[WhiteElo "2312"]
[BlackElo "2082"]
[PlyCount "90"]
[EventDate "2025.05.20"]
[EventType "swiss (blitz)"]
[EventRounds "11"]
[EventCountry "USA"]
[SourceTitle "CB22_2025"]
[SourceDate "2025.05.28"]
[SourceVersion "1"]
[SourceVersionDate "2025.05.28"]
[SourceQuality "1"]

1. e4 e5 2. Nf3 Nf6 3. Nc3 Bb4 4. d3 d6 5. Bd2 0-0 6. Be2 c6 7. 0-0 Bg4 8. h3 Bh5 9. a3 Ba5 10. Re1 Bc7 11. Nh2 Bg6 12. f4 exf4 13. Bxf4 Re8 14. Ng4 Nbd7 15. Nxf6+ Qxf6 16. Rf1 Qd4+ 17. Kh1 a5 18. a4 Nc5 19. Qd2 Rad8 20. Be3 Qb4 21. Bxc5 Qxc5 22. Qe1 Qb4 23. Rb1 d5 24. exd5 Qd6 25. g3 Re3 26. Qf2 Rde8 27. Bf3 Bb6 28. Qg2 h5 29. dxc6 bxc6 30. Ne4 Bxe4 31. dxe4 h4 32. g4 Qe5 33. c3 Bc7 34. Rbd1 Re6 35. Rde1 Rxe1 36. Rxe1 Rf6 37. Rf1 Rf5 38. gxf5 Qf4 39. Rg1 Be5 40. Be2 Qe3 41. Bg4 Bg3 42. Qf3 Qd2 43. Qg2 Qe3 44. Bf3 Qf4 45. Bg4 Qe3 1/2-1/2

[Event "Titled Tuesday intern op 20th May Late"]
[Site "Chess.com INT"]
[Date "2025.05.20"]
[Round "8"]
[White "Peatman, Carter F"]
[Black "Morais, Renan de Souza Stoc"]
[Result "1-0"]
[WhiteElo "2082"]
[BlackElo "1703"]
[PlyCount "97"]
[EventDate "2025.05.20"]
[EventType "swiss (blitz)"]
[EventRounds "11"]
[EventCountry "USA"]
[SourceTitle "CB22_2025"]
[SourceDate "2025.05.28"]
[SourceVersion "1"]
[SourceVersionDate "2025.05.28"]
[SourceQuality "1"]

1. d4 d5 2. Bf4 Bf5 3. e3 e6 4. c4 c6 5. Nc3 Bd6 6. Bg3 Nf6 7. Qb3 Bxg3 8. hxg3 Qb6 9. c5 Qxb3 10. axb3 Nbd7 11. b4 a6 12. b5 cxb5 13. Nxb5 0-0 14. Nd6 Bg4 15. f3 Bh5 16. Ne2 b6 17. c6 Bg6 18. Nc3 b5 19. cxd7 Nxd7 20. Kd2 Rfb8 21. Bd3 Bxd3 22. Kxd3 Rb6 23. Ndxb5 Rc8 24. Na3 Rxb2 25. Rab1 Rxg2 26. Rhg1 Rf2 27. Rgf1 Rg2 28. g4 h6 29. Nc2 g6 30. Rg1 Rxg1 31. Rxg1 Kg7 32. Ra1 Ra8 33. Ra5 h5 34. gxh5 gxh5 35. Nb4 h4 36. Rxa6 Rxa6 37. Nxa6 h3 38. Ne2 Kg6 39. Ng3 Kg5 40. Ke2 Kh4 41. Kf2 e5 42. Nc7 f6 43. Nxd5 exd4 44. exd4 f5 45. Nf4 h2 46. Ng2+ Kh3 47. Nf4+ Kh4 48. Ne6 Nf6 49. Nxf5+ 1-0

[Event "Titled Tuesday intern op 11th Feb Early"]
[Site "Chess.com INT"]
[Date "2025.02.11"]
[Round "2"]
[White "Peatman, Carter F"]
[Black "Poormosavi, Seyed Kian"]
[Result "0-1"]
[WhiteElo "2095"]
[BlackElo "2363"]
[PlyCount "80"]
[EventDate "2025.02.11"]
[EventType "swiss (blitz)"]
[EventRounds "11"]
[EventCountry "USA"]
[SourceTitle "CB09_2025"]
[SourceDate "2025.02.27"]
[SourceVersion "1"]
[SourceVersionDate "2025.02.27"]
[SourceQuality "1"]

1. d4 Nf6 2. Bf4 b6 3. e3 Bb7 4. Nf3 g6 5. h3 Bg7 6. Bh2 0-0 7. c4 d6 8. Nc3 c5 9. Be2 Ne4 10. Nxe4 Bxe4 11. 0-0 Nd7 12. a3 a6 13. b4 Qc7 14. Nd2 Bb7 15. Nb3 Rfc8 16. Rc1 Qd8 17. Bf3 Rab8 18. Qe2 Bxf3 19. Qxf3 Qc7 20. Rfd1 Qc6 21. Qe2 Qa4 22. Rb1 Qxa3 23. Ra1 Qxb3 24. Rdb1 Qc3 25. Rc1 Qxb4 26. Rcb1 Qc3 27. Rc1 cxd4 28. Rxc3 dxc3 29. Rxa6 b5 30. Bf4 b4 31. Ra7 b3 32. Rxd7 b2 33. Rxe7 b1Q+ 34. Kh2 Qf5 35. Bxd6 c2 36. e4 Qf6 37. e5 Qf5 38. g4 Qf4+ 39. Kg2 c1Q 40. Bxb8 Rxb8 0-1

[Event "Titled Tuesday intern op 14th Jan Early"]
[Site "Chess.com INT"]
[Date "2025.01.14"]
[Round "6"]
[White "Peatman, Carter F"]
[Black "Swiatlowski, Lukasz"]
[Result "1-0"]
[WhiteElo "2095"]
[BlackElo "2199"]
[PlyCount "75"]
[EventDate "2025.01.14"]
[EventType "swiss (blitz)"]
[EventRounds "11"]
[EventCountry "USA"]
[SourceTitle "CB04_2025"]
[SourceDate "2025.01.22"]
[SourceVersion "1"]
[SourceVersionDate "2025.01.22"]
[SourceQuality "1"]

1. d4 Nf6 2. Bf4 g6 3. e3 Bg7 4. Nf3 d6 5. h3 0-0 6. Bh2 Nbd7 7. Be2 b6 8. 0-0 Bb7 9. c3 Re8 10. a4 a6 11. b4 e5 12. Re1 Qe7 13. a5 b5 14. Na3 Ne4 15. Rc1 c5 16. Nd2 Nxd2 17. Qxd2 Qg5 18. Bf1 exd4 19. cxd4 c4 20. Bxd6 Nf6 21. Bf4 Qd5 22. Nb1 Ne4 23. Qd1 Bf8 24. Nc3 Nxc3 25. Rxc3 Bxb4 26. Qc2 Bxa5 27. Ra1 Bxc3 28. Qxc3 Rec8 29. f3 Qd7 30. e4 a5 31. d5 b4 32. Qd4 Bxd5 33. exd5 Qa7 34. Qxa7 Rxa7 35. Be3 Rd7 36. Rxa5 b3 37. Rb5 h5 38. Bd4 1-0

[Event "Titled Tuesday intern op 14th Jan Early"]
[Site "Chess.com INT"]
[Date "2025.01.14"]
[Round "7"]
[White "Peatman, Carter F"]
[Black "Zarnicki, Pablo Adrian"]
[Result "0-1"]
[WhiteElo "2095"]
[BlackElo "2514"]
[PlyCount "68"]
[EventDate "2025.01.14"]
[EventType "swiss (blitz)"]
[EventRounds "11"]
[EventCountry "USA"]
[SourceTitle "CB04_2025"]
[SourceDate "2025.01.22"]
[SourceVersion "1"]
[SourceVersionDate "2025.01.22"]
[SourceQuality "1"]

1. d4 Nf6 2. Bg5 e6 3. e4 c5 4. e5 h6 5. Bh4 g5 6. Bg3 Ne4 7. Nf3 cxd4 8. Qxd4 Nxg3 9. hxg3 Nc6 10. Qe3 g4 11. Nfd2 Qa5 12. Nc3 Qxe5 13. Qxe5 Nxe5 14. 0-0-0 a6 15. Re1 Bg7 16. Nde4 Ke7 17. Be2 f5 18. Nc5 b6 19. Nd3 Nc6 20. f3 gxf3 21. Bxf3 Bb7 22. Nd5+ Kf7 23. Nxb6 Rad8 24. Nc5 Bc8 25. Nxe6 dxe6 26. Bxc6 Rd6 27. Nxc8 Rxc6 28. Rd1 Rcxc8 29. Rd7+ Kf6 30. Re1 Rhd8 31. Ra7 Ra8 32. Rb7 Rab8 33. Ra7 Rd6 34. c4 Kg6 0-1

[Event "Titled Tuesday intern op 07th Jan Early"]
[Site "Chess.com INT"]
[Date "2025.01.07"]
[Round "2"]
[White "Amato, Leonel"]
[Black "Peatman, Carter F"]
[Result "1/2-1/2"]
[WhiteElo "2158"]
[BlackElo "2095"]
[PlyCount "86"]
[EventDate "2025.01.07"]
[EventType "swiss (blitz)"]
[EventRounds "11"]
[EventCountry "USA"]
[SourceTitle "CB03_2025"]
[SourceDate "2025.01.15"]
[SourceVersion "1"]
[SourceVersionDate "2025.01.15"]
[SourceQuality "1"]

1. d4 d5 2. Nc3 Nf6 3. Bf4 a6 4. Nf3 e6 5. Ne5 c5 6. e3 Nc6 7. g4 cxd4 8. exd4 Bb4 9. Bd3 Nxd4 10. 0-0 Nc6 11. g5 Nd7 12. Nxc6 bxc6 13. Qg4 Nc5 14. a3 Bxc3 15. bxc3 e5 16. Qe2 e4 17. Qe3 Ne6 18. Be2 Nxf4 19. Qxf4 0-0 20. Rfd1 f6 21. gxf6 Rxf6 22. Qe5 Rg6+ 23. Kh1 Qf8 24. Rg1 Re6 25. Qg5 Rg6 26. Qe5 Rf6 27. Raf1 Bd7 28. c4 Re8 29. Qh5 Rf5 30. Qh4 Be6 31. Bg4 Rf4 32. Bxe6+ Rxe6 33. Qh3 Ref6 34. cxd5 cxd5 35. Qh5 R6f5 36. Qd1 Rxf2 37. Rxf2 Rxf2 38. Qxd5+ Kh8 39. Qxe4 Qb8 40. Rg2 Rf1+ 41. Rg1 Rf2 42. Rg2 Rf1+ 43. Rg1 Rf2 1/2-1/2

[Event "Titled Tuesday intern op 26th Nov Late"]
[Site "Chess.com INT"]
[Date "2024.11.26"]
[Round "4"]
[White "Mizzi, Jack"]
[Black "Peatman, Carter F"]
[Result "1-0"]
[WhiteElo "2214"]
[BlackElo "2107"]
[PlyCount "87"]
[EventDate "2024.11.26"]
[EventType "swiss (blitz)"]
[EventRounds "11"]
[EventCountry "USA"]
[SourceTitle "CB49_2024"]
[SourceDate "2024.12.04"]
[SourceVersion "1"]
[SourceVersionDate "2024.12.04"]
[SourceQuality "1"]

1. d4 d5 2. c4 e6 3. Nf3 Nf6 4. g3 Bb4+ 5. Nbd2 0-0 6. Bg2 dxc4 7. 0-0 Bd7 8. Nxc4 Bc6 9. a3 Be7 10. b4 Nbd7 11. Bb2 Nb6 12. Nce5 Be4 13. Rc1 c6 14. a4 a5 15. b5 cxb5 16. axb5 a4 17. Qd2 a3 18. Ba1 Nfd5 19. Nc4 Nxc4 20. Rxc4 Qb6 21. Ne5 Bxg2 22. Kxg2 Qxb5 23. Qd3 Bf6 24. Rb1 Qa6 25. e4 Nb6 26. Rc3 Qxd3 27. Rxd3 Nc8 28. Rxb7 Nd6 29. Rbb3 Nxe4 30. Rxa3 Rxa3 31. Rxa3 Bxe5 32. dxe5 Nc5 33. Ra7 Rd8 34. Bd4 Nb3 35. Bb6 Rb8 36. Ra3 Nc1 37. Kf3 f6 38. Be3 Nb3 39. exf6 gxf6 40. Ra7 e5 41. Ke4 Nd4 42. Bxd4 exd4 43. Kf5 Rb6 44. Rd7 1-0

[Event "Titled Tuesday intern op 24th Sep Early"]
[Site "Chess.com INT"]
[Date "2024.09.24"]
[Round "4"]
[White "Volkov, Sergei"]
[Black "Peatman, Carter F"]
[Result "1-0"]
[WhiteElo "2151"]
[BlackElo "2073"]
[PlyCount "77"]
[EventDate "2024.09.24"]
[EventType "swiss (blitz)"]
[EventRounds "11"]
[EventCountry "USA"]
[SourceTitle "EXT 2025"]
[Source "ChessBase"]
[SourceDate "2024.10.14"]
[SourceVersion "1"]
[SourceVersionDate "2024.10.14"]
[SourceQuality "1"]

1. Nf3 d5 2. g3 Bf5 3. Bg2 e6 4. 0-0 Nf6 5. d3 h6 6. c4 Bh7 7. Be3 Nbd7 8. Qb3 Qc8 9. Nc3 Nc5 10. Bxc5 Bxc5 11. cxd5 exd5 12. Nxd5 Nxd5 13. Qxd5 Bd6 14. Nd4 Rb8 15. Nb5 0-0 16. Nxd6 cxd6 17. Qxd6 Qc2 18. Bf3 Qxb2 19. a4 Rfd8 20. Qa3 Qf6 21. Qb4 Bxd3 22. Rfd1 Bg6 23. Qa5 Rxd1+ 24. Rxd1 a6 25. Rd7 Qa1+ 26. Kg2 Qb2 27. h4 Bc2 28. Bd5 Rf8 29. Rxf7 Rxf7 30. Qd8+ Kh7 31. Bxf7 Be4+ 32. Kh2 h5 33. Qg8+ Kh6 34. Qh8+ Bh7 35. Qe8 Qd4 36. e3 Qf6 37. Kg1 Qa1+ 38. Kg2 Qf6 39. Bxh5 1-0

[Event "Titled Tuesday intern op 17th Sep Early"]
[Site "Chess,com INT"]
[Date "2024.09.17"]
[Round "3"]
[White "Haitin, Ilja"]
[Black "Peatman, Carter F"]
[Result "1-0"]
[WhiteElo "2249"]
[BlackElo "2073"]
[PlyCount "95"]
[EventDate "2024.09.17"]
[EventType "swiss (blitz)"]
[EventRounds "11"]
[EventCountry "USA"]
[SourceTitle "EXT 2025"]
[Source "ChessBase"]
[SourceDate "2024.10.14"]
[SourceVersion "1"]
[SourceVersionDate "2024.10.14"]
[SourceQuality "1"]

1. d4 d5 2. c4 e6 3. cxd5 exd5 4. Nc3 c6 5. Bf4 Bd6 6. Bxd6 Qxd6 7. e3 Nf6 8. Bd3 0-0 9. h3 Be6 10. Nf3 Nbd7 11. 0-0 Qe7 12. Rb1 Ne8 13. b4 a6 14. a4 Nd6 15. b5 axb5 16. axb5 c5 17. dxc5 Nxc5 18. Be2 Nde4 19. Nxe4 Nxe4 20. Qd4 Rfc8 21. Rfc1 Qa3 22. Rxc8+ Rxc8 23. Ra1 Rc1+ 24. Rxc1 Qxc1+ 25. Qd1 Qxd1+ 26. Bxd1 Nc3 27. Bb3 Nxb5 28. Nd4 Nxd4 29. exd4 Kf8 30. Kf1 Ke7 31. Ke2 Kd6 32. Kd3 Kc6 33. Kc3 Kb5 34. f4 g6 35. h4 h5 36. f5 gxf5 37. Bd1 Kc6 38. Bxh5 Kd7 39. Kb4 Ke7 40. Kc5 f4 41. Bf3 Kf6 42. Kb6 Kg6 43. Kxb7 Kf6 44. Kc6 Kf5 45. Kd6 f6 46. Ke7 Bg8 47. Kf8 Be6 48. Kg7 1-0

[Event "Nashville Summer op"]
[Site "Nashville"]
[Date "2024.08.31"]
[Round "7"]
[White "Peatman, Carter F"]
[Black "Yanayt, Eugene"]
[Result "1/2-1/2"]
[WhiteElo "2073"]
[BlackElo "2100"]
[PlyCount "20"]
[EventDate "2024.08.26"]
[EventType "swiss"]
[EventRounds "9"]
[EventCountry "USA"]
[SourceTitle "EXT 2025"]
[Source "ChessBase"]
[SourceDate "2024.10.14"]
[SourceVersion "1"]
[SourceVersionDate "2024.10.14"]
[SourceQuality "1"]

1. d4 Nf6 2. Bf4 g6 3. e3 Bg7 4. Nf3 0-0 5. c3 c5 6. Nbd2 Qb6 7. Nc4 Qc6 8. Na5 Qb6 9. Nc4 Qc6 10. Na5 Qb6 1/2-1/2

[Event "Nashville Summer op"]
[Site "Nashville"]
[Date "2024.08.29"]
[Round "4"]
[White "Zaulda, Vincent"]
[Black "Peatman, Carter F"]
[Result "0-1"]
[WhiteElo "2132"]
[BlackElo "2073"]
[PlyCount "56"]
[EventDate "2024.08.26"]
[EventType "swiss"]
[EventRounds "9"]
[EventCountry "USA"]
[SourceTitle "EXT 2025"]
[Source "ChessBase"]
[SourceDate "2024.10.14"]
[SourceVersion "1"]
[SourceVersionDate "2024.10.14"]
[SourceQuality "1"]

1. d4 d5 2. Bf4 c5 3. e3 Nc6 4. c3 Qb6 5. Qb3 c4 6. Qc2 e5 7. dxe5 Bf5 8. Qc1 g5 9. Bg3 h5 10. h4 g4 11. Ne2 Bg7 12. Nd4 Nge7 13. Nd2 Bxe5 14. Bxe5 Nxe5 15. e4 Bxe4 16. f4 gxf3 17. gxf3 Nd3+ 18. Bxd3 Bxd3 19. f4 Nf5 20. N2f3 0-0-0 21. Qd2 Rde8+ 22. Kd1 Rhg8 23. Nxf5 Re2 24. Ne7+ Rxe7 25. Nd4 Qg6 26. Qh2 Qe4 27. Rg1 Be2+ 28. Nxe2 Qxe2+ 0-1

[Event "Nashville Summer op"]
[Site "Nashville"]
[Date "2024.08.27"]
[Round "2"]
[White "Abraham, John Z"]
[Black "Peatman, Carter F"]
[Result "0-1"]
[WhiteElo "2026"]
[BlackElo "2073"]
[PlyCount "110"]
[EventDate "2024.08.26"]
[EventType "swiss"]
[EventRounds "9"]
[EventCountry "USA"]
[SourceTitle "EXT 2025"]
[Source "ChessBase"]
[SourceDate "2024.10.14"]
[SourceVersion "1"]
[SourceVersionDate "2024.10.14"]
[SourceQuality "1"]

1. d4 d5 2. c4 dxc4 3. Nf3 a6 4. e3 Bg4 5. Bxc4 e6 6. 0-0 Nf6 7. Nc3 Nc6 8. Be2 Bd6 9. h3 Bh5 10. a3 0-0 11. Qc2 Qe7 12. Rd1 Rfd8 13. e4 Bxf3 14. Bxf3 e5 15. d5 Nd4 16. Qd3 Nd7 17. Bg4 Nc5 18. Qg3 Kh8 19. Be3 Rg8 20. b4 Ncb3 21. Rab1 a5 22. Ne2 axb4 23. Bxd4 Nxd4 24. axb4 Nxe2+ 25. Bxe2 Ra4 26. Qc3 Rxb4 27. Rxb4 Bxb4 28. Qb3 b6 29. Ra1 Bc5 30. Bd3 Rd8 31. Ra6 h6 32. Qa2 Qh4 33. Ra7 Rd6 34. Kh2 Bxf2 35. Rxc7 Qf4+ 36. Kh1 Bc5 37. Qe2 Rf6 38. Qe1 Qg5 39. Rc8+ Kh7 40. Be2 Qe3 41. Qd1 Rf2 42. Bf3 Rc2 43. Qf1 Rc1 44. Bd1 Qf2 45. Qxf2 Rxd1+ 46. Kh2 Bxf2 47. Re8 Bg1+ 48. Kg3 Rd3+ 49. Kg4 Kg6 50. Rxe5 Bh2 51. Rf5 f6 52. Rf3 h5+ 53. Kh4 Rxf3 54. gxf3 Bf4 55. d6 Kh6 0-1

[Event "Titled Tuesday intern op 27th Aug Early"]
[Site "Chess.com INT"]
[Date "2024.08.27"]
[Round "1"]
[White "Goncharov, Vladimir"]
[Black "Peatman, Carter F"]
[Result "0-1"]
[WhiteElo "2077"]
[BlackElo "2073"]
[PlyCount "76"]
[EventDate "2024.08.27"]
[EventType "swiss (blitz)"]
[EventRounds "11"]
[EventCountry "USA"]
[SourceTitle "EXT 2025"]
[Source "ChessBase"]
[SourceDate "2024.10.14"]
[SourceVersion "1"]
[SourceVersionDate "2024.10.14"]
[SourceQuality "1"]

1. d4 d5 2. c4 e6 3. Nc3 Nf6 4. Bg5 Be7 5. e3 h6 6. Bh4 Ne4 7. Bxe7 Qxe7 8. Rc1 Nxc3 9. Rxc3 0-0 10. Nf3 c6 11. Be2 Nd7 12. 0-0 Nf6 13. a3 Ne4 14. Rc1 Bd7 15. Ne5 f5 16. Ng6 Qf6 17. Nxf8 Rxf8 18. f4 g5 19. Bd3 Nd6 20. c5 Nf7 21. b4 a6 22. Be2 Kh7 23. Qd3 Qg6 24. g3 h5 25. Qd1 Kh6 26. Kf2 Rh8 27. a4 Kg7 28. Rg1 Nh6 29. Rb1 Ng8 30. b5 axb5 31. axb5 Nf6 32. bxc6 Bxc6 33. Kf1 Ne4 34. Qc2 h4 35. gxh4 g4 36. Rg2 Rxh4 37. Kg1 Qh5 38. Qa2 Rh3 0-1

[Event "Titled Tuesday intern op 27th Aug Early"]
[Site "Chess.com INT"]
[Date "2024.08.27"]
[Round "4"]
[White "Holinka, Henning"]
[Black "Peatman, Carter F"]
[Result "1-0"]
[WhiteElo "2235"]
[BlackElo "2073"]
[PlyCount "55"]
[EventDate "2024.08.27"]
[EventType "swiss (blitz)"]
[EventRounds "11"]
[EventCountry "USA"]
[SourceTitle "EXT 2025"]
[Source "ChessBase"]
[SourceDate "2024.10.14"]
[SourceVersion "1"]
[SourceVersionDate "2024.10.14"]
[SourceQuality "1"]

1. e4 e5 2. Nf3 Nf6 3. Nxe5 d6 4. Nf3 Nxe4 5. Nc3 Nxc3 6. dxc3 Be7 7. Be3 Nc6 8. Qd2 h6 9. 0-0-0 a6 10. Rg1 Be6 11. g4 Qd7 12. g5 hxg5 13. Bxg5 g6 14. Bxe7 Nxe7 15. Nd4 0-0-0 16. Qf4 Nd5 17. Qf3 Rxh2 18. Bc4 Rh5 19. Nxe6 fxe6 20. Rxg6 Re5 21. Bxd5 exd5 22. Rxd5 Rxd5 23. Qxd5 Rf8 24. Rg8 Qe7 25. Qf5+ Kd8 26. Qxf8+ Kd7 27. Rg7 Kc6 28. Rxe7 1-0

[Event "Titled Tuesday intern op 27th Aug Early"]
[Site "Chess.com INT"]
[Date "2024.08.27"]
[Round "6"]
[White "Peatman, Carter F"]
[Black "Alvarez Leon, Luis"]
[Result "0-1"]
[WhiteElo "2073"]
[BlackElo "2178"]
[PlyCount "100"]
[EventDate "2024.08.27"]
[EventType "swiss (blitz)"]
[EventRounds "11"]
[EventCountry "USA"]
[SourceTitle "EXT 2025"]
[Source "ChessBase"]
[SourceDate "2024.10.14"]
[SourceVersion "1"]
[SourceVersionDate "2024.10.14"]
[SourceQuality "1"]

1. d4 Nf6 2. Bf4 g6 3. e3 Bg7 4. Nf3 d6 5. h3 Nbd7 6. Bh2 b6 7. Be2 Bb7 8. 0-0 0-0 9. a4 a6 10. c3 Re8 11. Qb3 Rb8 12. Qa3 e5 13. Nbd2 exd4 14. cxd4 Ne4 15. Nxe4 Rxe4 16. Nd2 Re8 17. Bf3 Bxf3 18. Nxf3 Nf6 19. b4 Ne4 20. Rfb1 Qe7 21. Rc1 c5 22. bxc5 bxc5 23. Qd3 Rb2 24. Rc2 Rxc2 25. Qxc2 cxd4 26. Nxd4 Bxd4 27. exd4 d5 28. Bf4 Qe6 29. Rc1 h5 30. Qc6 Kg7 31. Be5+ f6 32. Bf4 g5 33. Be3 Kg6 34. Qc7 Re7 35. Qd8 Re8 36. Qc7 Re7 37. Qb8 Nd6 38. Rc6 Rd7 39. Qb6 Qe7 40. Qxa6 Nc4 41. h4 Nxe3 42. Re6 Ra7 43. Qb6 Rb7 44. Qa6 Rb1+ 45. Kh2 Ng4+ 46. Kg3 Qc7+ 47. Rd6 Rb3+ 48. f3 Ne3 49. Kh3 g4+ 50. Kh2 Nf5 0-1

[Event "Titled Tuesday intern op 13th Aug Late"]
[Site "Chess.com INT"]
[Date "2024.08.13"]
[Round "2"]
[White "Ronka, Erik"]
[Black "Peatman, Carter F"]
[Result "0-1"]
[WhiteElo "2305"]
[BlackElo "2073"]
[PlyCount "122"]
[EventDate "2024.08.13"]
[EventType "swiss (blitz)"]
[EventRounds "11"]
[EventCountry "USA"]
[SourceTitle "EXT 2025"]
[Source "ChessBase"]
[SourceDate "2024.10.14"]
[SourceVersion "1"]
[SourceVersionDate "2024.10.14"]
[SourceQuality "1"]

1. Nf3 d5 2. g3 Nf6 3. Bg2 Bf5 4. 0-0 e6 5. d3 h6 6. Nbd2 c6 7. b3 Bh7 8. Bb2 Be7 9. Qe1 0-0 10. e4 a5 11. a3 b5 12. Ne5 Nfd7 13. f4 Nxe5 14. Bxe5 Nd7 15. Bb2 Qb6+ 16. Kh1 Rfe8 17. Qe2 Bf6 18. e5 Be7 19. g4 a4 20. f5 exf5 21. gxf5 axb3 22. Qf3 Bg5 23. Nxb3 Nxe5 24. Qg3 Nd7 25. f6 Qb8 26. fxg7 Qxg3 27. hxg3 Re6 28. Bh3 Re7 29. Nd4 Ne5 30. Rae1 f6 31. Bg2 Kxg7 32. Nf3 Rae8 33. Nxg5 hxg5 34. Kg1 Nf3+ 35. Rxf3 Rxe1+ 36. Kh2 R8e6 37. Bh3 Rd6 38. Bc3 Re2+ 39. Kg1 Rxc2 40. Bb4 c5 41. Ba5 Ra2 42. Bg2 Rxa3 43. Re3 Rxa5 44. Re7+ Kg6 45. g4 Ra1+ 46. Kh2 Bg8 47. Kg3 Be6 48. d4 cxd4 49. Kf2 Ra2+ 50. Kg1 b4 51. Bf1 Bf7 52. Bd3+ Kg7 53. Rb7 Re6 54. Rxb4 Re1+ 55. Bf1 Raa1 56. Kf2 Rxf1+ 57. Kg3 Rf4 58. Rb7 Ra3+ 59. Kg2 d3 60. Kg3 d2+ 61. Kh2 Re4 0-1

[Event "Titled Tuesday intern op 09th Jul Early"]
[Site "Chess.com INT"]
[Date "2024.07.09"]
[Round "1"]
[White "Peatman, Carter F"]
[Black "Slovineanu, Viacheslav"]
[Result "1-0"]
[WhiteElo "2067"]
[BlackElo "2412"]
[PlyCount "71"]
[EventDate "2024.07.09"]
[EventType "swiss (blitz)"]
[EventRounds "11"]
[EventCountry "USA"]
[SourceTitle "EXT 2025"]
[Source "ChessBase"]
[SourceDate "2024.10.14"]
[SourceVersion "1"]
[SourceVersionDate "2024.10.14"]
[SourceQuality "1"]

1. d4 Nf6 2. Bf4 d5 3. e3 e6 4. Nf3 c5 5. c3 Bd6 6. Bg3 Qc7 7. Ne5 Nbd7 8. f4 0-0 9. Nd2 Rb8 10. Bd3 b5 11. Bh4 b4 12. Rc1 bxc3 13. bxc3 Bb7 14. g4 Ne4 15. g5 Rfd8 16. Qh5 Nf8 17. Qf3 Nxd2 18. Kxd2 Qa5 19. Qh5 Ng6 20. Nxf7 Kxf7 21. Qxh7 Nf8 22. g6+ Ke8 23. Qxg7 Qc7 24. Qh8 cxd4 25. cxd4 Bb4+ 26. Ke2 Qa5 27. g7 Qxa2+ 28. Rc2 Qxc2+ 29. Bxc2 Ba6+ 30. Kf3 Kd7 31. Bxd8 Rxd8 32. g8Q Be7 33. Ba4+ Kd6 34. Rc1 Bd3 35. Rc6+ Kd7 36. Rc3+ 1-0

[Event "Titled Tuesday intern op 25th Jun Early"]
[Site "Chess.com INT"]
[Date "2024.06.25"]
[Round "8"]
[White "Mesquita, Eduardo Barbosa"]
[Black "Peatman, Carter F"]
[Result "1-0"]
[WhiteElo "1969"]
[BlackElo "2067"]
[PlyCount "85"]
[EventDate "2024.06.25"]
[EventType "swiss (blitz)"]
[EventRounds "11"]
[EventCountry "USA"]
[SourceTitle "EXT 2025"]
[Source "ChessBase"]
[SourceDate "2024.10.14"]
[SourceVersion "1"]
[SourceVersionDate "2024.10.14"]
[SourceQuality "1"]

1. Nf3 d5 2. d4 e6 3. c4 c5 4. Nbd2 cxd4 5. Nxd4 dxc4 6. e3 Nf6 7. Bxc4 Qc7 8. 0-0 Be7 9. b4 0-0 10. Bb2 Nc6 11. Rc1 Bxb4 12. a3 Bxd2 13. Qxd2 Rd8 14. Qe2 a6 15. Rfd1 Bd7 16. Ba2 Qa5 17. Nb3 Qb6 18. e4 Be8 19. h3 Rxd1+ 20. Rxd1 Rd8 21. Rxd8 Qxd8 22. Nc5 Qb6 23. Qc2 Nd7 24. Qc3 Nf6 25. Bb1 e5 26. Nb3 Bd7 27. Bc1 Be6 28. Bc2 Bxb3 29. Bxb3 Nxe4 30. Qf3 Nd6 31. Qd5 Nd4 32. Be3 Qxb3 33. Qxd6 f6 34. Qd7 Kf8 35. h4 Qb1+ 36. Kh2 Qe4 37. Qh3 Nf5 38. Bc5+ Ke8 39. g3 Qe2 40. Qxf5 Kd8 41. Qe6 Kc7 42. Bb6+ Kb8 43. Qe8# 1-0

[Event "Titled Tuesday intern op 25th Jun Late"]
[Site "Chess.com INT"]
[Date "2024.06.25"]
[Round "2"]
[White "Peatman, Carter F"]
[Black "Martin, Sam B"]
[Result "0-1"]
[WhiteElo "2067"]
[BlackElo "1970"]
[PlyCount "118"]
[EventDate "2024.06.25"]
[EventType "swiss (blitz)"]
[EventRounds "11"]
[EventCountry "USA"]
[SourceTitle "EXT 2025"]
[Source "ChessBase"]
[SourceDate "2024.10.14"]
[SourceVersion "1"]
[SourceVersionDate "2024.10.14"]
[SourceQuality "1"]

1. d4 d5 2. Bf4 c5 3. e3 cxd4 4. exd4 Nf6 5. c3 Bg4 6. Qb3 Qc8 7. Nd2 Nc6 8. Ngf3 e6 9. h3 Bh5 10. Ne5 Nxe5 11. Bxe5 Nd7 12. Bd3 Nxe5 13. dxe5 a6 14. 0-0 Be7 15. Rae1 Bg6 16. Bxg6 hxg6 17. Nf3 b5 18. Nd4 Qc4 19. Re3 Rc8 20. Rd1 0-0 21. Rg3 b4 22. cxb4 Qxb4 23. Qxb4 Bxb4 24. Rb3 Bc5 25. Nf3 Rb8 26. Rdd3 a5 27. Kf1 a4 28. Rxb8 Rxb8 29. Rd2 f6 30. Rc2 Bb6 31. Rc6 Kf7 32. Rc2 Ke7 33. Ke2 g5 34. Kd3 Kd7 35. Ke2 Ba7 36. Kd3 Rb4 37. exf6 gxf6 38. Ke2 Re4+ 39. Kf1 e5 40. Nd2 Rb4 41. b3 Rf4 42. Nb1 axb3 43. axb3 Rb4 44. Nd2 Kd6 45. Ke2 Bd4 46. Rc8 Bb6 47. Rb8 Ba5 48. Rf8 Ke7 49. Ra8 Bc7 50. Ra7 Kd6 51. Ra6+ Bb6 52. f3 Kc7 53. Kd3 Rd4+ 54. Kc2 e4 55. fxe4 dxe4 56. Nc4 e3 57. Rxb6 Kd7 58. Rxf6 e2 59. Re6 Kxe6 0-1

[Event "Titled Tuesday intern op 16th Jan Late"]
[Site "Chess.com INT"]
[Date "2024.01.16"]
[Round "1"]
[White "Barp, Alberto"]
[Black "Peatman, Carter F"]
[Result "1-0"]
[WhiteElo "2437"]
[BlackElo "2022"]
[PlyCount "79"]
[EventDate "2024.01.16"]
[EventType "swiss (blitz)"]
[EventRounds "11"]
[EventCountry "USA"]
[SourceTitle "CBM 218 Extra"]
[Source "ChessBase"]
[SourceDate "2024.03.31"]
[SourceVersion "1"]
[SourceVersionDate "2024.03.31"]
[SourceQuality "1"]

1. d4 Nf6 2. Nf3 e6 3. Bf4 b6 4. e3 Bb7 5. Be2 Be7 6. 0-0 0-0 7. c4 c5 8. Nc3 a6 9. d5 exd5 10. cxd5 d6 11. a4 Nbd7 12. h3 Re8 13. e4 Bf8 14. Qc2 Ne5 15. Nd2 Nfd7 16. Be3 Ng6 17. f4 f5 18. Rae1 Nf6 19. Bf3 fxe4 20. Ndxe4 Nxe4 21. Bxe4 Be7 22. Bf5 Bf6 23. Be6+ Kh8 24. f5 Ne5 25. Ne4 b5 26. a5 Bc8 27. b3 Bxe6 28. fxe6 Rf8 29. Qe2 Bh4 30. Rxf8+ Qxf8 31. Rf1 Qe7 32. Qh5 Bf6 33. Ng5 Bxg5 34. Bxg5 Qe8 35. Qxe8+ Rxe8 36. Be7 c4 37. Bxd6 Nd3 38. bxc4 bxc4 39. e7 Rxe7 40. Rf8# 1-0